<?xml version="1.0" encoding="UTF-8"?><?xml-stylesheet type="text/xsl" href="static/style.xsl"?><OAI-PMH xmlns="http://www.openarchives.org/OAI/2.0/" xmlns:xsi="http://www.w3.org/2001/XMLSchema-instance" xsi:schemaLocation="http://www.openarchives.org/OAI/2.0/ http://www.openarchives.org/OAI/2.0/OAI-PMH.xsd"><responseDate>2026-04-17T18:51:02Z</responseDate><request verb="GetRecord" identifier="oai:www.recercat.cat:2117/388661" metadataPrefix="marc">https://recercat.cat/oai/request</request><GetRecord><record><header><identifier>oai:recercat.cat:2117/388661</identifier><datestamp>2026-01-14T07:33:32Z</datestamp><setSpec>com_2072_1033</setSpec><setSpec>col_2072_452950</setSpec></header><metadata><record xmlns="http://www.loc.gov/MARC21/slim" xmlns:dcterms="http://purl.org/dc/terms/" xmlns:xsi="http://www.w3.org/2001/XMLSchema-instance" xmlns:doc="http://www.lyncode.com/xoai" xsi:schemaLocation="http://www.loc.gov/MARC21/slim http://www.loc.gov/standards/marcxml/schema/MARC21slim.xsd">
   <leader>00925njm 22002777a 4500</leader>
   <datafield ind2=" " ind1=" " tag="042">
      <subfield code="a">dc</subfield>
   </datafield>
   <datafield ind2=" " ind1=" " tag="720">
      <subfield code="a">Torrent Burgués, Marcel</subfield>
      <subfield code="e">author</subfield>
   </datafield>
   <datafield ind2=" " ind1=" " tag="260">
      <subfield code="c">2023-05-15</subfield>
   </datafield>
   <datafield ind2=" " ind1=" " tag="520">
      <subfield code="a">This article quantifies the recycling potential of the metallic materials that make up three-phase induction motors. The data on the use of electric motors by type and power determines that the most significant recycling potential lies in this low-voltage motor which powers up to 75 kW. The work aims to show the possibility of such recycling in the European Union (EU). The metals used to make the various parts of the induction motor and the main recycling methods that allow their reuse are listed. It evaluates which part of the motor can apply these recycling methods relatively easily (stator) and which part is more complex (rotor). A calculation process is used to exhaustively quantify the metals that incorporate different motors selected for other powers to determine the amounts of material that can be recycled and reused to manufacture new equipment. The recycling potential is quantifies by parts (stator and rotor) employing approximate equations obtained from the study and by materials (copper, aluminum, magnetic sheet, steel). The data calculated, the economic volume, the possibilities of energy-saving, and the environmental advantages of dedicating efforts and resources for collecting, recycling, and reusing the materials in three-phase induction motors for industrial applications show. The withdrawal of electric motors in industrial applications, due to causes related to the restructuring of production processes, manufacturing systems, breakdowns, or directly due to aging, generates considerable possibilities of reusing the metals used in their manufacture.</subfield>
   </datafield>
   <datafield ind2=" " ind1=" " tag="520">
      <subfield code="a">Peer Reviewed</subfield>
   </datafield>
   <datafield ind2=" " ind1=" " tag="520">
      <subfield code="a">Postprint (published version)</subfield>
   </datafield>
   <datafield tag="653" ind2=" " ind1=" ">
      <subfield code="a">Àrees temàtiques de la UPC::Enginyeria mecànica::Motors::Motors elèctrics</subfield>
   </datafield>
   <datafield tag="653" ind2=" " ind1=" ">
      <subfield code="a">Electric motors, Induction</subfield>
   </datafield>
   <datafield tag="653" ind2=" " ind1=" ">
      <subfield code="a">Induction motors</subfield>
   </datafield>
   <datafield tag="653" ind2=" " ind1=" ">
      <subfield code="a">Recycling</subfield>
   </datafield>
   <datafield tag="653" ind2=" " ind1=" ">
      <subfield code="a">Reuse</subfield>
   </datafield>
   <datafield tag="653" ind2=" " ind1=" ">
      <subfield code="a">Copper</subfield>
   </datafield>
   <datafield tag="653" ind2=" " ind1=" ">
      <subfield code="a">Aluminum</subfield>
   </datafield>
   <datafield tag="653" ind2=" " ind1=" ">
      <subfield code="a">Magnetic sheet</subfield>
   </datafield>
   <datafield tag="653" ind2=" " ind1=" ">
      <subfield code="a">Motors elèctrics d'inducció</subfield>
   </datafield>
   <datafield ind2="0" ind1="0" tag="245">
      <subfield code="a">Recycling potential in the European Union (EU) of low voltage three-phase induction motors up to 75 kW of power: quantitative analysis</subfield>
   </datafield>
</record></metadata></record></GetRecord></OAI-PMH>